[Event "Acropolis 2007"]
[Site "Athens"]
[Date "2007.08.20"]
[Round "7.36"]
[White "Parginos, Vassilios"]
[Black "Iordanidou, Zoi"]
[Result "1-0"]
[WhiteElo "2226"]
[BlackElo "2005"]
[Annotator "Michailidis Anastasios"]
[PlyCount "59"]
[EventDate "2007.08.14"]
[Source "Greek Chess Fed"]

1. d4 Nf6 2. c4 c5 3. d5 b5 4. Bg5 Ne4 5. Bf4 d6 6. Nd2 Nxd2 7. Bxd2 b4 8. e4
g6 9. h4 h5 10. Qc2 Bg7 11. Nf3 Nd7 12. Be2 a5 13. a4 Nb6 14. Rd1 b3 15. Qxb3
Bd7 16. Ra1 O-O 17. Bd1 e6 18. O-O exd5 19. exd5 Re8 20. Re1 Rxe1+ 21. Bxe1 Nc8
22. Bc3 Ne7 23. Bxg7 Kxg7 24. Bc2 Nf5 25. Bxf5 Bxf5 26. Re1 Kg8 27. Qe3 Rb8 28.
b3 Bc2 29. Qc3 Bxb3 30. Ng5 1-0

[Event "Acropolis 2007"]
[Site "Athens"]
[Date "2007.08.20"]
[Round "7.37"]
[White "Grapsa, Georgia"]
[Black "Exizoglou, Dimitrios"]
[Result "0-1"]
[WhiteElo "2076"]
[BlackElo "2224"]
[Annotator "Michailidis Anastasios"]
[PlyCount "64"]
[EventDate "2007.08.14"]
[Source "Greek Chess Fed"]

1. d4 d5 2. Nf3 Nf6 3. g3 c6 4. Bg2 Bg4 5. c4 e6 6. Nc3 Nbd7 7. O-O Be7 8. Re1
O-O 9. Ne5 Nxe5 10. dxe5 Nd7 11. f4 Bh5 12. h3 f5 13. cxd5 cxd5 14. Nxd5 exd5
15. Qxd5+ Bf7 16. Qxb7 Rb8 17. Qc6 Bc5+ 18. Kh2 Qe7 19. e4 Rfc8 20. Qa6 Bf2 21.
Rd1 fxe4 22. Bxe4 Nc5 23. Qe2 Nxe4 24. Qxe4 Rc4 25. Qe2 Bb6 26. b3 Rc6 27. f5
Rbc8 28. Bf4 Be8 29. Rd2 Ba5 30. Rd5 Rc2 31. Bd2 Rd8 32. f6 Rxd5 0-1

[Event "Acropolis 2007"]
[Site "Athens"]
[Date "2007.08.20"]
[Round "7.38"]
[White "Zografos, Achileas"]
[Black "Kokolias, Konstantinos"]
[Result "1/2-1/2"]
[WhiteElo "2201"]
[BlackElo "2224"]
[Annotator "Michailidis Anastasios"]
[PlyCount "120"]
[EventDate "2007.08.14"]
[Source "Greek Chess Fed"]

1. e4 e5 2. Nf3 Nc6 3. Bc4 Bc5 4. d3 Nf6 5. Bg5 d6 6. Nc3 h6 7. Bxf6 Qxf6 8.
Nd5 Qd8 9. c3 Ne7 10. d4 Nxd5 11. dxc5 Nf4 12. g3 Nh3 13. Bb5+ Kf8 14. cxd6
cxd6 15. Qd2 Bg4 16. Qe3 Ke7 17. Be2 Qb6 18. Qxb6 axb6 19. Ng1 Be6 20. Nxh3
Bxh3 21. Bf3 h5 22. a3 h4 23. O-O-O Be6 24. Kc2 Rh6 25. Kd2 Bb3 26. Rde1 Rah8
27. Ke3 Ba4 28. Reg1 Bc6 29. gxh4 Rxh4 30. Rxg7 Rxh2 31. Rxh2 Rxh2 32. Rg5 Rh6
33. Rg3 Rf6 34. Rg5 Rf4 35. Rg4 Rxg4 36. Bxg4 d5 37. f3 Kf6 38. Bh5 Kg7 39. Bg4
Kg6 40. b4 Kg5 41. Bc8 b5 42. Bh3 Kh4 43. Bf1 Kg3 44. Be2 b6 45. Bd3 f6 46. Be2
Kg2 47. Bd3 d4+ 48. cxd4 exd4+ 49. Kxd4 Kxf3 50. e5 fxe5+ 51. Kxe5 Ke3 52. Bg6
Kd2 53. Kd6 Bf3 54. Kc7 Kc3 55. Kxb6 Be2 56. Be8 Kb3 57. Bxb5 Kxa3 58. Kc5 Bh5
59. Bd3 Be8 60. Bf5 Kb3 1/2-1/2

[Event "Acropolis 2007"]
[Site "Athens"]
[Date "2007.08.20"]
[Round "7.40"]
[White "Stefanidi, Maria Anna"]
[Black "Draci, Robert"]
[Result "1-0"]
[WhiteElo "2092"]
[BlackElo "2228"]
[Annotator "Michailidis Anastasios"]
[PlyCount "127"]
[EventDate "2007.08.14"]
[Source "Greek Chess Fed"]

1. e4 c5 2. Nf3 d6 3. d4 cxd4 4. Nxd4 Nf6 5. Nc3 a6 6. Bg5 e6 7. f4 Qb6 8. Qd2
Qxb2 9. Rb1 Qa3 10. f5 Nc6 11. fxe6 fxe6 12. Bxf6 gxf6 13. Be2 Qc5 14. Nxc6
bxc6 15. Na4 Qe5 16. O-O d5 17. Kh1 h5 18. Qf4 Bd6 19. Qxe5 Bxe5 20. Nb6 Rb8
21. Nxc8 Rxc8 22. Bxa6 Rd8 23. exd5 Rxd5 24. Rb7 h4 25. Ra7 Rh5 26. Be2 Rg5 27.
Bf3 Rc5 28. Rd1 h3 29. g3 Rxc2 30. Rh7 f5 31. Bh5+ Rxh5 32. Rxh5 c5 33. Rxh3
Bd4 34. Rh7 Rxa2 35. Rc7 e5 36. Rb1 Kd8 37. Rf7 Rb2 38. Rxb2 Bxb2 39. Rxf5 Ke7
40. h4 c4 41. Kg2 Ke6 42. g4 c3 43. Rf2 Bc1 44. Kf3 Kd5 45. Ke2 c2 46. Kd3 Bg5
47. Rxc2 Bxh4 48. Rc4 Be7 49. Ra4 Bd8 50. Ke3 Bb6+ 51. Kf3 Bd4 52. Ra8 Ke6 53.
Rf8 Bc5 54. Rf5 Be7 55. Ke4 Bf6 56. g5 Bg7 57. Rf2 Ke7 58. Kf5 Kf7 59. Ra2 e4
60. Ra7+ Kf8 61. Kxe4 Kg8 62. Kf5 Kh7 63. Rc7 Kh8 64. Kg6 1-0

[Event "Acropolis 2007"]
[Site "Athens"]
[Date "2007.08.21"]
[Round "8.4"]
[White "Parligras, Mircea"]
[Black "Macieja, Bartlomiej"]
[Result "1/2-1/2"]
[WhiteElo "2542"]
[BlackElo "2596"]
[Annotator "Michailidis Anastasios"]
[PlyCount "52"]
[EventDate "2007.08.14"]
[Source "Greek Chess Fed"]

1. e4 c6 2. d4 d5 3. exd5 cxd5 4. c4 Nf6 5. Nc3 e6 6. Nf3 Bb4 7. cxd5 Nxd5 8.
Bd2 O-O 9. Bd3 Nc6 10. O-O Be7 11. Qe2 Nf6 12. Ne4 Bd7 13. a3 Nxe4 14. Qxe4 g6
15. b4 e5 16. d5 Bf5 17. Qc4 Bxd3 18. Qxd3 Bf6 19. Rae1 Re8 20. Bc3 Rc8 21. Qb5
Ne7 22. Bxe5 Qxd5 23. Qa4 b5 24. Qxa7 Nc6 25. Qb7 Nxb4 26. Qxd5 Nxd5 1/2-1/2

[Event "Acropolis 2007"]
[Site "Athens"]
[Date "2007.08.21"]
[Round "8.6"]
[White "Kapnisis, Spyridon"]
[Black "Gelashvili, Tamaz"]
[Result "0-1"]
[WhiteElo "2412"]
[BlackElo "2604"]
[Annotator "Michailidis Anastasios"]
[PlyCount "76"]
[EventDate "2007.08.14"]
[Source "Greek Chess Fed"]

1. d4 Nf6 2. c4 e6 3. Nc3 Bb4 4. e3 O-O 5. Nge2 Re8 6. a3 Bf8 7. g3 d5 8. cxd5
exd5 9. Bg2 a5 10. O-O c6 11. Qc2 Na6 12. Bd2 g6 13. f3 c5 14. Rad1 Bd7 15. Bc1
Rc8 16. Kh1 b5 17. dxc5 Rxc5 18. Qd3 Nc7 19. Nd4 b4 20. axb4 axb4 21. Nce2 Bc8
22. Nb3 Ba6 23. Qd2 Rc6 24. Rfe1 Nd7 25. Nf4 Ne5 26. e4 Rd6 27. Qc2 dxe4 28.
Rxd6 Qxd6 29. Rxe4 Bb7 30. Re3 Rd8 31. Bd2 Bh6 32. Be1 Bxf4 33. gxf4 Nd3 34.
Rxd3 Qxd3 35. Qxc7 Bxf3 36. Qxd8+ Qxd8 37. Bxf3 Qd3 38. Nd2 Qe3 0-1

[Event "Acropolis 2007"]
[Site "Athens"]
[Date "2007.08.21"]
[Round "8.9"]
[White "Mastrovasilis, Dimitrios"]
[Black "Moutousis, Konstantinos"]
[Result "1-0"]
[WhiteElo "2541"]
[BlackElo "2428"]
[Annotator "Michailidis Anastasios"]
[PlyCount "61"]
[EventDate "2007.08.14"]
[Source "Greek Chess Fed"]

1. e4 e6 2. d4 d5 3. Nc3 dxe4 4. Nxe4 Nd7 5. Bd3 Ngf6 6. Qe2 c5 7. Nxf6+ Nxf6
8. dxc5 Bxc5 9. Bd2 Qb6 10. O-O-O Bd4 11. c3 Bxf2 12. Nf3 Bd7 13. Ne5 Ba4 14.
Rdf1 Bc5 15. Rf4 Bc6 16. Re1 Qc7 17. Nxc6 bxc6 18. Rc4 Qe7 19. Bg5 Bd6 20. Rxc6
h6 21. Bb5 O-O 22. Bxf6 Bf4+ 23. Kb1 Qxf6 24. g3 Bb8 25. Qe4 g6 26. Bc4 Kg7 27.
Rf1 Qe5 28. Qd3 a5 29. Rxe6 Qg5 30. Qd4+ Kg8 31. Rxf7 1-0

[Event "Acropolis 2007"]
[Site "Athens"]
[Date "2007.08.21"]
[Round "8.10"]
[White "Erdogdu, Mert"]
[Black "Mastrovasilis, Athanasios"]
[Result "1/2-1/2"]
[WhiteElo "2423"]
[BlackElo "2538"]
[Annotator "Michailidis Anastasios"]
[PlyCount "97"]
[EventDate "2007.08.14"]
[Source "Greek Chess Fed"]

1. e4 d5 2. exd5 Nf6 3. Bb5+ Bd7 4. Be2 Nxd5 5. d4 e6 6. Nf3 c5 7. c4 Nf6 8.
O-O cxd4 9. Nxd4 Nc6 10. Bf4 Nxd4 11. Qxd4 Bc6 12. Qe3 Ne4 13. Bf3 Bc5 14. Qe2
Qf6 15. Bxe4 Qxf4 16. Nc3 O-O 17. g3 Qg5 18. Bxc6 bxc6 19. Qf3 Bd4 20. Rab1 Qc5
21. Rfc1 Rfd8 22. Ne4 Qe5 23. b4 f5 24. Nc3 Qf6 25. c5 e5 26. Ne2 e4 27. Qb3+
Kh8 28. Nxd4 Rxd4 29. b5 Rd3 30. Qc4 Rd4 31. Qc2 cxb5 32. Rxb5 Qc6 33. Qb2 Rdd8
34. Rb7 Rg8 35. Re7 Rae8 36. Qb7 Qh6 37. Rd1 Qh5 38. Rd6 Rb8 39. Qd5 Rb1+ 40.
Kg2 Qf3+ 41. Kh3 Qh5+ 42. Kg2 Qf3+ 43. Kh3 Qg4+ 44. Kg2 h6 45. Qd2 Qf3+ 46. Kh3
Qh5+ 47. Kg2 Qf3+ 48. Kh3 Qh5+ 49. Kg2 1/2-1/2

[Event "Acropolis 2007"]
[Site "Athens"]
[Date "2007.08.21"]
[Round "8.12"]
[White "Erturan, Yakup"]
[Black "Graf, Alexander"]
[Result "0-1"]
[WhiteElo "2389"]
[BlackElo "2595"]
[Annotator "Michailidis Anastasios"]
[PlyCount "42"]
[EventDate "2007.08.14"]
[Source "Greek Chess Fed"]

1. e4 c6 2. d4 d5 3. e5 Bf5 4. Nf3 e6 5. Be2 Ne7 6. Nbd2 c5 7. c3 Nec6 8. dxc5
Bxc5 9. Nb3 Be7 10. O-O Nd7 11. Re1 Ndxe5 12. Nxe5 Nxe5 13. Bb5+ Nd7 14. Nd4
Bg6 15. Rxe6 fxe6 16. Nxe6 Qb6 17. Qxd5 Qd6 18. Qxb7 Qd1+ 19. Bf1 Rb8 20. Nc7+
Kf8 21. Bf4 Qxf1+ 0-1

[Event "Acropolis 2007"]
[Site "Athens"]
[Date "2007.08.21"]
[Round "8.16"]
[White "Haznedaroglu, Kivanc"]
[Black "Grigoriadis, Alexandros"]
[Result "1-0"]
[WhiteElo "2440"]
[BlackElo "2362"]
[Annotator "Michailidis Anastasios"]
[PlyCount "77"]
[EventDate "2007.08.14"]
[Source "Greek Chess Fed"]

1. e4 c6 2. d4 d5 3. Nc3 dxe4 4. Nxe4 Bf5 5. Ng3 Bg6 6. h4 h6 7. Nh3 Nf6 8. Nf4
Bh7 9. Bc4 e6 10. Qe2 Nd5 11. c3 Nxf4 12. Bxf4 Bd6 13. Bxd6 Qxd6 14. Qg4 Rg8
15. Ne4 Bxe4 16. Qxe4 Nd7 17. O-O-O O-O-O 18. Rhe1 Nf6 19. Qf3 h5 20. Re5 Qc7
21. Rde1 Rdf8 22. g3 Qd8 23. b4 Kb8 24. b5 cxb5 25. Rxb5 Qc7 26. Kc2 b6 27. Bf1
Rd8 28. Bg2 Kc8 29. Ree5 Rd5 30. Rbxd5 exd5 31. Qe2 Rd8 32. Re7 Rd7 33. Bh3 Ng4
34. Bxg4 hxg4 35. Qxg4 Kd8 36. Rxd7+ Qxd7 37. Qxd7+ Kxd7 38. Kd3 Ke6 39. g4 1-0

[Event "Acropolis 2007"]
[Site "Athens"]
[Date "2007.08.21"]
[Round "8.17"]
[White "Danielian, Elina"]
[Black "Goumas, Georgios"]
[Result "1-0"]
[WhiteElo "2439"]
[BlackElo "2183"]
[Annotator "Michailidis Anastasios"]
[PlyCount "69"]
[EventDate "2007.08.14"]
[Source "Greek Chess Fed"]

1. d4 Nf6 2. Nf3 g6 3. c4 Bg7 4. g3 O-O 5. Bg2 d5 6. cxd5 Nxd5 7. O-O Nc6 8.
Nc3 Nb6 9. d5 Na5 10. Qc2 c6 11. dxc6 Nxc6 12. Rd1 Bd7 13. a4 Qc8 14. a5 Nc4
15. Nd5 N4e5 16. Nxe5 Bxe5 17. Bh6 Re8 18. a6 bxa6 19. Rac1 Rb8 20. Nf4 Bxb2
21. Rxd7 Bxc1 22. Qxc1 Qxd7 23. Bxc6 Qf5 24. e4 Qe5 25. Bxe8 Rxe8 26. Qc4 g5
27. Nd5 Rd8 28. h4 gxh4 29. Bf4 Qe6 30. Qb4 hxg3 31. Nxe7+ Kh8 32. Bxg3 h5 33.
Qc5 Qh3 34. Qe5+ Kh7 35. Nd5 1-0

[Event "Acropolis 2007"]
[Site "Athens"]
[Date "2007.08.21"]
[Round "8.19"]
[White "Morchiashvili, Bachana"]
[Black "Kanakaris, Georgios"]
[Result "1-0"]
[WhiteElo "2415"]
[BlackElo "2216"]
[Annotator "Michailidis Anastasios"]
[PlyCount "85"]
[EventDate "2007.08.14"]
[Source "Greek Chess Fed"]

1. c4 Nf6 2. Nc3 g6 3. d4 Bg7 4. Nf3 O-O 5. g3 d6 6. Bg2 Nbd7 7. O-O e5 8. h3
c6 9. e4 Qe7 10. Be3 Ne8 11. Re1 f5 12. Qd2 Nb6 13. b3 fxe4 14. Bg5 Qf7 15.
Rxe4 Bf5 16. Re2 Qc7 17. dxe5 dxe5 18. Rd1 Nf6 19. Nxe5 Rae8 20. Nf3 Rxe2 21.
Qxe2 h6 22. Bf4 Qc8 23. Nh4 Re8 24. Qf1 g5 25. Nxf5 Qxf5 26. Be3 Nbd7 27. Qd3
Qe6 28. Ne4 Ne5 29. Nxf6+ Qxf6 30. Qd6 Qf5 31. Qc7 Bf6 32. Qxb7 Re7 33. Qa8+
Kg7 34. Bxc6 Qxh3 35. Bd5 Kg6 36. Bg2 Qh5 37. Qg8+ Kf5 38. Qd5 Kg6 39. Qg8+ Kf5
40. Rd4 Nf3+ 41. Bxf3 Qxf3 42. g4+ Ke5 43. Rd5+ 1-0

[Event "Acropolis 2007"]
[Site "Athens"]
[Date "2007.08.21"]
[Round "8.20"]
[White "Skalkotas, Nikolaos"]
[Black "Can, Emre"]
[Result "0-1"]
[WhiteElo "2275"]
[BlackElo "2411"]
[Annotator "Michailidis Anastasios"]
[PlyCount "64"]
[EventDate "2007.08.14"]
[Source "Greek Chess Fed"]

1. d4 Nf6 2. Nf3 d5 3. c4 e6 4. g3 dxc4 5. Bg2 Nc6 6. O-O Rb8 7. b3 cxb3 8.
Qxb3 Be7 9. Rd1 O-O 10. Nc3 Na5 11. Qc2 Nd5 12. e4 Nxc3 13. Qxc3 b6 14. Bf4 Bd6
15. Bg5 f6 16. Be3 Bb7 17. Qc2 Qe8 18. d5 exd5 19. exd5 Qh5 20. Nd4 Bxd5 21.
Nf5 Bxg2 22. Kxg2 Rbd8 23. Rd5 Be5 24. Rad1 Rxd5 25. Rxd5 Qe8 26. Qe4 g6 27.
Nh6+ Kh8 28. f3 c6 29. Rd3 f5 30. Qh4 Bf6 31. Bd4 Kg7 32. Re3 Qxe3 0-1

[Event "Acropolis 2007"]
[Site "Athens"]
[Date "2007.08.21"]
[Round "8.21"]
[White "Papadopoulos, Ioannis"]
[Black "Lauridsen, Jesper Morck"]
[Result "1-0"]
[WhiteElo "2395"]
[BlackElo "2302"]
[Annotator "Michailidis Anastasios"]
[PlyCount "113"]
[EventDate "2007.08.14"]
[Source "Greek Chess Fed"]

1. e4 c5 2. Nf3 d6 3. d4 cxd4 4. Nxd4 Nf6 5. Nc3 a6 6. Be3 e6 7. Be2 b5 8. e5
dxe5 9. Bf3 exd4 10. Qxd4 Qxd4 11. Bxd4 b4 12. Bxa8 bxc3 13. Bxc3 Bd6 14. O-O
Bd7 15. a3 Ke7 16. Bb4 Nc6 17. Bxc6 Bxc6 18. Rfd1 Ne8 19. f3 Bxb4 20. axb4 Nc7
21. Kf2 f5 22. c3 g5 23. Ke3 e5 24. Ra5 Ke6 25. Rc5 Nd5+ 26. Kf2 Ne7 27. Ra1
Bb7 28. b5 axb5 29. Rxb5 Bc6 30. Rc5 Rd8 31. Ke2 Rb8 32. b4 Rb6 33. Ra7 h5 34.
h3 f4 35. Raa5 Ng6 36. b5 Bb7 37. Rc7 Kd6 38. Rg7 Kc5 39. Rd7 Bd5 40. Ra6 Bc4+
41. Kf2 Bd3 42. c4 e4 43. Rc7+ Kd6 44. Rb7 e3+ 45. Kg1 Rxa6 46. bxa6 e2 47. Kf2
g4 48. Rb3 g3+ 49. Ke1 Bxc4 50. Rb6+ Kc7 51. Rxg6 h4 52. Rf6 Kb8 53. Rxf4 Bxa6
54. Rxh4 Kc7 55. Re4 Kd6 56. h4 Bd3 57. Rd4+ 1-0

[Event "Acropolis 2007"]
[Site "Athens"]
[Date "2007.08.21"]
[Round "8.22"]
[White "Chigladze, Iveri"]
[Black "Logothetis, Sotirios"]
[Result "0-1"]
[WhiteElo "2341"]
[BlackElo "2300"]
[Annotator "Michailidis Anastasios"]
[PlyCount "160"]
[EventDate "2007.08.14"]
[Source "Greek Chess Fed"]

1. d4 Nf6 2. c4 e6 3. Nc3 Bb4 4. Qc2 O-O 5. a3 Bxc3+ 6. Qxc3 b6 7. Bg5 h6 8.
Bh4 Ba6 9. e3 d6 10. Bd3 Nbd7 11. Ne2 c5 12. Qb3 Rc8 13. Qa4 cxd4 14. exd4 Nb8
15. O-O d5 16. Rac1 dxc4 17. Bb1 b5 18. Qc2 Nbd7 19. Nc3 Qb6 20. Rcd1 Bb7 21.
Rfe1 g6 22. Re3 Rfe8 23. Rg3 Kf8 24. Rh3 Kg7 25. Qd2 Rh8 26. Bg3 Nh5 27. Rxh5
gxh5 28. Qe2 a6 29. Qxh5 Rcg8 30. Qh4 Qd8 31. Qf4 Kf8 32. Qd6+ Qe7 33. Qc7 Rxg3
34. hxg3 Nf6 35. Qb8+ Kg7 36. Qe5 Rd8 37. f3 Qd6 38. Kf2 Qxe5 39. dxe5 Nd5 40.
Be4 f6 41. exf6+ Kxf6 42. Bxd5 Bxd5 43. g4 Ke5 44. Ke3 Rf8 45. Rh1 Rf6 46. Rh5+
Kd6 47. Nxd5 exd5 48. Kd4 Rf4+ 49. Ke3 Rf6 50. f4 Rg6 51. Kf3 d4 52. f5 Rf6 53.
Ke4 d3 54. Rh1 Ke7 55. Ke5 Rb6 56. g3 d2 57. Rd1 Rd6 58. f6+ Rxf6 59. Rxd2 Rf3
60. Rg2 c3 61. b4 Rd3 62. Rh2 Rd6 63. Rc2 Rc6 64. Kd5 Rc4 65. Ke5 Rc6 66. Kd5
Rc4 67. Ke5 Rc8 68. Kf5 Rc6 69. Ke5 Kf7 70. Kf5 Rc4 71. g5 hxg5 72. g4 Ke7 73.
Kxg5 Ke6 74. Kh6 Kd5 75. Rc1 c2 76. g5 Kd4 77. g6 Kc3 78. Rg1 Kb2 79. g7 Rc8
80. Rg2 Kb1 0-1

[Event "Acropolis 2007"]
[Site "Athens"]
[Date "2007.08.21"]
[Round "8.23"]
[White "Pavlidis, Anastasios"]
[Black "Burtasova, Anna"]
[Result "1-0"]
[WhiteElo "2182"]
[BlackElo "2337"]
[Annotator "Michailidis Anastasios"]
[PlyCount "69"]
[EventDate "2007.08.14"]
[Source "Greek Chess Fed"]

1. d4 Nf6 2. c4 c5 3. d5 b5 4. cxb5 a6 5. bxa6 Bxa6 6. Nc3 g6 7. g3 d6 8. Bg2
Bg7 9. Nf3 O-O 10. O-O Nbd7 11. Rb1 Qa5 12. Bd2 Ng4 13. Qc2 Nge5 14. Nxe5 Nxe5
15. b3 Qa3 16. Rfe1 Rfb8 17. Bh3 Bc8 18. Bxc8 Rxc8 19. f4 Ng4 20. h3 Nf6 21.
Bc1 Qa5 22. Bd2 Nh5 23. g4 Nf6 24. a4 Qb4 25. g5 c4 26. gxf6 cxb3 27. Rxb3 Qc5+
28. e3 Bxf6 29. Qd3 Qa7 30. Ra1 Qd7 31. Kg2 e5 32. dxe6 Qxe6 33. Rba3 Rc5 34.
Qe4 Qc8 35. Nd5 1-0

[Event "Acropolis 2007"]
[Site "Athens"]
[Date "2007.08.21"]
[Round "8.25"]
[White "Filippas, Sebastian"]
[Black "Krivec, Jana"]
[Result "1-0"]
[WhiteElo "2145"]
[BlackElo "2340"]
[Annotator "Michailidis Anastasios"]
[PlyCount "59"]
[EventDate "2007.08.14"]
[Source "Greek Chess Fed"]

1. d4 d5 2. c4 dxc4 3. e3 e6 4. Bxc4 Nf6 5. Nf3 a6 6. O-O b5 7. Bb3 c5 8. a4 b4
9. Nbd2 Bb7 10. e4 cxd4 11. e5 Nfd7 12. Nc4 Be7 13. Nxd4 Nc5 14. Bc2 Qd5 15.
Ne3 Qxe5 16. Re1 Qc7 17. Bd2 Nc6 18. Nxc6 Bxc6 19. Bxb4 Qf4 20. Ba3 Ne4 21.
Bxe4 Qxe4 22. Bxe7 Kxe7 23. Qc1 Rhc8 24. Qc5+ Ke8 25. f3 Qg6 26. Nf5 Rc7 27.
Rad1 Bxf3 28. Nd6+ Kf8 29. Nc8+ Ke8 30. Qf8+ 1-0

[Event "Acropolis 2007"]
[Site "Athens"]
[Date "2007.08.21"]
[Round "8.26"]
[White "Kotrotsos, Vasilios"]
[Black "Pountzas, Hrisanthos"]
[Result "1-0"]
[WhiteElo "2337"]
[BlackElo "2238"]
[Annotator "Michailidis Anastasios"]
[PlyCount "63"]
[EventDate "2007.08.14"]
[Source "Greek Chess Fed"]

1. e4 c5 2. Nf3 d6 3. Bb5+ Nd7 4. d4 Ngf6 5. O-O a6 6. Bxd7+ Nxd7 7. Nc3 e6 8.
Bg5 Qc7 9. Re1 cxd4 10. Qxd4 f6 11. Bd2 Ne5 12. Na4 Be7 13. Nb6 Rb8 14. a4
Nxf3+ 15. gxf3 e5 16. Nd5 Qc5 17. Qxc5 dxc5 18. Ba5 Be6 19. Bb6 Bxd5 20. exd5
Kd7 21. c4 Bd8 22. a5 Be7 23. b4 Rbc8 24. Rec1 cxb4 25. c5 f5 26. Rab1 Ra8 27.
Rxb4 Rhc8 28. Rbc4 Bg5 29. c6+ bxc6 30. dxc6+ Ke6 31. Rd1 Bf4 32. c7 1-0

[Event "Acropolis 2007"]
[Site "Athens"]
[Date "2007.08.21"]
[Round "8.28"]
[White "Petraki, Maria"]
[Black "Kadimova, Ilaha"]
[Result "0-1"]
[WhiteElo "2069"]
[BlackElo "2316"]
[Annotator "Michailidis Anastasios"]
[PlyCount "112"]
[EventDate "2007.08.14"]
[Source "Greek Chess Fed"]

1. e4 c6 2. Ne2 d5 3. e5 Bf5 4. Ng3 Bg6 5. h4 h5 6. e6 fxe6 7. d4 Qd6 8. f4 Nh6
9. Bd3 Nf5 10. Nxf5 Bxf5 11. O-O Nd7 12. b3 g6 13. Ba3 Qc7 14. Qe2 Bg7 15. c3
Bf6 16. g3 c5 17. Bxf5 exf5 18. Qe3 cxd4 19. cxd4 Qb6 20. Rd1 Kf7 21. Nc3 e6
22. Rd2 Rac8 23. Re1 Rc6 24. Bb2 Rhc8 25. Na4 Qa6 26. Nc3 b5 27. a3 Qa5 28. a4
b4 29. Nd1 Qb6 30. Nf2 Rc2 31. a5 Qa6 32. Nd3 Rxd2 33. Qxd2 Qxa5 34. Ra1 Qb6
35. Qxb4 Qxb4 36. Nxb4 Rc7 37. Nd3 Rb7 38. Kf1 Rxb3 39. Ke2 Rb7 40. Ra6 Rc7 41.
Nb4 Nb6 42. Kd3 Be7 43. Bc3 Ke8 44. Nc2 Kd7 45. Nb4 Nc4 46. Nc2 Rb7 47. Ra1 a5
48. Bxa5 Nxa5 49. Rxa5 Rb3+ 50. Ke2 Rxg3 51. Ne3 Bxh4 52. Ra7+ Ke8 53. Ra8+ Kf7
54. Ra7+ Be7 55. Kf2 h4 56. Ng2 Rg4 0-1

[Event "Acropolis 2007"]
[Site "Athens"]
[Date "2007.08.21"]
[Round "8.29"]
[White "Gogolis, Alexandros"]
[Black "Papadopoulou, Vera"]
[Result "0-1"]
[WhiteElo "2289"]
[BlackElo "2192"]
[Annotator "Michailidis Anastasios"]
[PlyCount "76"]
[EventDate "2007.08.14"]
[Source "Greek Chess Fed"]

1. d4 Nf6 2. Nf3 d6 3. Bg5 Nbd7 4. c3 g6 5. Nbd2 Bg7 6. e4 O-O 7. Be2 c5 8. d5
Rb8 9. a4 b6 10. O-O h6 11. Bf4 a6 12. h3 b5 13. Qc2 Qb6 14. axb5 axb5 15. Bh2
Ne8 16. Rfe1 Nc7 17. Bf1 Bb7 18. Ra2 Ra8 19. Rea1 Rxa2 20. Rxa2 Na6 21. Ra1 Rc8
22. Bf4 Nab8 23. c4 Ba6 24. Ra2 Rc7 25. cxb5 Bxb5 26. Bxb5 Qxb5 27. Nc4 Nb6 28.
Nxb6 Qxb6 29. e5 Kh7 30. h4 Rb7 31. exd6 exd6 32. Nd2 Qd8 33. g3 Qf6 34. Nc4
Qd4 35. Nxd6 Re7 36. Ra1 Qxd5 37. Rd1 Qf3 38. Qd3 Re1+ 0-1

[Event "Acropolis 2007"]
[Site "Athens"]
[Date "2007.08.21"]
[Round "8.32"]
[White "Georgiadis, Ioannis"]
[Black "Pavlidis, Antonios"]
[Result "1/2-1/2"]
[WhiteElo "2413"]
[BlackElo "2175"]
[Annotator "Michailidis Anastasios"]
[PlyCount "43"]
[EventDate "2007.08.14"]
[Source "Greek Chess Fed"]

1. d4 Nf6 2. Nf3 d5 3. c4 c6 4. e3 Bg4 5. h3 Bxf3 6. Qxf3 e6 7. Nc3 Nbd7 8. Bd2
Bd6 9. g4 h6 10. h4 Bb4 11. Bd3 Qe7 12. g5 Ne4 13. Bxe4 Bxc3 14. Bxc3 dxe4 15.
Qxe4 hxg5 16. hxg5 Rxh1+ 17. Qxh1 Qxg5 18. O-O-O O-O-O 19. d5 cxd5 20. cxd5 Nc5
21. dxe6 Rxd1+ 22. Qxd1 1/2-1/2

[Event "Acropolis 2007"]
[Site "Athens"]
[Date "2007.08.21"]
[Round "8.33"]
[White "Makka, Evanthia"]
[Black "Makropoulou, Marina"]
[Result "1-0"]
[WhiteElo "2107"]
[BlackElo "2266"]
[Annotator "Michailidis Anastasios"]
[PlyCount "85"]
[EventDate "2007.08.14"]
[Source "Greek Chess Fed"]

1. d4 Nf6 2. Nf3 g6 3. c3 Bg7 4. Nbd2 d6 5. e4 O-O 6. Bd3 c5 7. O-O Nc6 8. Re1
cxd4 9. cxd4 Nh5 10. Nb3 a5 11. Be3 a4 12. Nbd2 Bd7 13. a3 Na5 14. Rb1 Rc8 15.
Qe2 e5 16. dxe5 dxe5 17. Bb5 Nf4 18. Qf1 Be6 19. Red1 Qe7 20. Bb6 Nc6 21. Bxa4
g5 22. b4 g4 23. Bc5 Qf6 24. Bxf8 Bxf8 25. Ne1 Nd4 26. Bb5 Bh6 27. Kh1 Qg6 28.
a4 Bg5 29. Nd3 Nxb5 30. Nxf4 Bxf4 31. Qxb5 Qh6 32. Nf1 Bc4 33. Qd7 Rc6 34.
Qxg4+ Qg6 35. Qxg6+ hxg6 36. Ne3 Be2 37. Rd2 Bxe3 38. fxe3 Bg4 39. h3 Be6 40.
Rd8+ Kg7 41. b5 Rc4 42. a5 Ra4 43. a6 1-0

[Event "Acropolis 2007"]
[Site "Athens"]
[Date "2007.08.21"]
[Round "8.34"]
[White "Exizoglou, Dimitrios"]
[Black "Sioris, Georgios"]
[Result "1-0"]
[WhiteElo "2224"]
[BlackElo "2229"]
[Annotator "Michailidis Anastasios"]
[PlyCount "81"]
[EventDate "2007.08.14"]
[Source "Greek Chess Fed"]

1. e4 c5 2. Nf3 Nc6 3. d4 cxd4 4. Nxd4 e5 5. Nb5 d6 6. Be3 Be7 7. Be2 Be6 8. c4
a6 9. N5c3 Bg5 10. Nd5 Bxd5 11. exd5 Bxe3 12. fxe3 Nb8 13. Nc3 Ne7 14. O-O O-O
15. Ne4 Qb6 16. Qb3 Qxb3 17. axb3 Rd8 18. g4 g6 19. Rf6 Nd7 20. Rxd6 Kg7 21.
Rf1 Nc8 22. g5 Nxd6 23. Nxd6 Nc5 24. Rxf7+ Kg8 25. Nxb7 Kxf7 26. Nxc5 a5 27. e4
Rab8 28. Bd1 Kg8 29. Nd3 Rf8 30. c5 Rbc8 31. c6 Rfe8 32. Kf2 Kf8 33. Ke3 Ke7
34. Nxe5 Kd6 35. Nd3 Re7 36. Kd4 Rce8 37. Bf3 Re5 38. h4 R5e7 39. Bg2 Re5 40.
Nxe5 Rxe5 41. Bh3 1-0

[Event "Acropolis 2007"]
[Site "Athens"]
[Date "2007.08.21"]
[Round "8.35"]
[White "Karlovich, Anastazia"]
[Black "Ikonomopoulou, Maria"]
[Result "1-0"]
[WhiteElo "2207"]
[BlackElo "2029"]
[Annotator "Michailidis Anastasios"]
[PlyCount "78"]
[EventDate "2007.08.14"]
[Source "Greek Chess Fed"]

1. e4 e6 2. d4 d5 3. Nc3 Nf6 4. Bg5 Be7 5. e5 Nfd7 6. h4 O-O 7. Qg4 f6 8. Bf4
fxe5 9. dxe5 Rf5 10. Nxd5 Nxe5 11. Nxe7+ Qxe7 12. Bxe5 Rxe5+ 13. Be2 Nd7 14.
O-O-O Nf6 15. Qg3 Ra5 16. Kb1 Rd5 17. Nh3 Bd7 18. Bf3 Rb5 19. Be2 Rb6 20. Nf4
Ne4 21. Qe3 Qb4 22. Nd3 Nc3+ 23. Ka1 Qa5 24. Nc1 Nxd1 25. Rxd1 Ba4 26. b3 Bc6
27. Qxe6+ Kh8 28. Qe7 Qc3+ 29. Kb1 Qf6 30. Qxf6 gxf6 31. g3 a5 32. Nd3 Re8 33.
Nf4 a4 34. Kb2 axb3 35. axb3 Be4 36. Ra1 Rc6 37. Bd1 Bf5 38. Nd3 Rd8 39. Be2
Be4 {....} 1-0

[Event "Acropolis 2007"]
[Site "Athens"]
[Date "2007.08.21"]
[Round "8.36"]
[White "Petritaj, Fotjon"]
[Black "Zografos, Achileas"]
[Result "1-0"]
[WhiteElo "2250"]
[BlackElo "2201"]
[Annotator "Michailidis Anastasios"]
[PlyCount "69"]
[EventDate "2007.08.14"]
[Source "Greek Chess Fed"]

1. d4 Nf6 2. c4 c5 3. d5 b5 4. cxb5 a6 5. bxa6 g6 6. Nc3 Bxa6 7. e4 Bxf1 8.
Kxf1 d6 9. Nf3 Bg7 10. g3 O-O 11. Kg2 Nbd7 12. h3 Qb6 13. Re1 Rfb8 14. Re2 Qa6
15. e5 dxe5 16. Nxe5 Nxe5 17. Rxe5 Qb7 18. Qf3 Rd8 19. a4 Rd7 20. Bg5 Ra6 21.
Rae1 Rad6 22. Nb5 Rxd5 23. Bxf6 Bxf6 24. Rxd5 Rxd5 25. Rd1 Bd4 26. Nxd4 cxd4
27. Rxd4 e6 28. a5 Qb5 29. Rxd5 exd5 30. Qc3 h5 31. h4 d4 32. Qc8+ Kh7 33. a6
Qd5+ 34. Kh2 Qf3 35. Qb7 1-0